000
00215 a2200097 4500
001
46070
100
_a
Robson W
245
_a
Great cities of the world
260
_a
London
_b
George Allen
_c
090
_c
29172
_d
29172
942
_a
NUST-CAE
_c
M
_c
21305
999
_c
281143
_d
281143